Focus West Midlands update (Record no. 77999)

MARC details
000 -LEADER
fixed length control field 01073cab a2200217 4500
001 - CONTROL NUMBER
control field L135801
008 - FIXED-LENGTH DATA ELEMENTS--GENERAL INFORMATION
fixed length control field 061212n2006 000 0 eng u
035 ## - SYSTEM CONTROL NUMBER
System control number (Sirsi) u135801
041 0# - LANGUAGE CODE
Language code of text/sound track or separate title eng
100 1# - MAIN ENTRY--PERSONAL NAME
Personal name Robson, Claire
245 00 - TITLE STATEMENT
Title Focus West Midlands update
260 ## - PUBLICATION, DISTRIBUTION, ETC.
Date of publication, distribution, etc. 2006
490 #0 - SERIES STATEMENT
Series statement Estates Gazette
Volume/sequential designation (0648) 02 December 2006, 109-127 (10)
520 ## - SUMMARY, ETC.
Summary, etc. Looks at the continued interest of developers in retail developments in the Birmingham area despite tough trading conditions; examines the various office projects planned for Birmingham city centre between now and 2009; reports on the importance placed on infrastructure development by delegates at a Future Opportunities Conference in Birmingham; and reports on the soaring land values in the region impacted on by a shortage of development sites. Table and graphs.
651 #4 - SUBJECT ADDED ENTRY--GEOGRAPHIC NAME
Geographic name WEST MIDLANDS
690 ## - LOCAL SUBJECT ADDED ENTRY--TOPICAL TERM (OCLC, RLIN)
Topical term or geographic name as entry element PROPERTY-COMMERCIAL PROPERTY-RETAIL PROPERTY
690 ## - LOCAL SUBJECT ADDED ENTRY--TOPICAL TERM (OCLC, RLIN)
Topical term or geographic name as entry element PROPERTY-COMMERCIAL PROPERTY-COMMERCIAL PROPERTY MARKET
700 1# - ADDED ENTRY--PERSONAL NAME
Personal name Pilkington, Lisa
700 1# - ADDED ENTRY--PERSONAL NAME
Personal name Halstead, Ian
942 ## - ADDED ENTRY ELEMENTS (KOHA)
Suppress in OPAC 0
Holdings
Withdrawn status Lost status Source of classification or shelving scheme Damaged status Not for loan Home library Current library Shelving location Date acquired Total Checkouts Full call number Barcode Date last seen Copy number Price effective from Koha item type
    Dewey Decimal Classification     London London Journal article 12/12/2006   L135801 135801-1001 06/08/2019 1 06/08/2019 Journal article